MARC

LEADER 00000nam0a2200000 4500
001 169240
005 20231101222819.0
035 |a (RuTPU)RU\TPU\book\183579 
090 |a 169240 
100 |a 20091109d1964 m y0rusy50 ca 
101 0 |a rus 
102 |a RU 
105 |a a j 000zy 
200 1 |a Практические работы по органической химии  |h Вып. 3  |f Ю. К. Юрьев 
205 |a 2-е изд. 
210 |a Москва  |c Изд-во Московского ун-та  |d 1964 
215 |a 258 с.  |c ил. 
606 1 |a Органическая химия  |2 stltpush  |3 (RuTPU)RU\TPU\subj\47309  |9 66362 
610 1 |a нитрование 
610 1 |a ароматические углеводороды 
610 1 |a гетероциклические соединения 
610 1 |a сульфирование 
610 1 |a галоидирование 
675 |a 547(076.5)  |v 3 
700 1 |a Юрьев  |b Ю. К.  |g Юрий Константинович 
801 1 |a RU  |b 63413507  |c 20091109 
801 2 |a RU  |b 63413507  |c 20160701  |g RCR 
942 |c BK